[Event "Africa-chT rapid"]
[Site "Casablanca"]
[Date "2019.08.24"]
[Round "4.4"]
[White "Bellahcene, Bilel"]
[Black "Adu, Oladapo"]
[Result "1-0"]
[WhiteElo "2550"]
[BlackElo "2273"]
[PlyCount "61"]
[EventDate "2019.08.24"]
[EventType "team-swiss (rapid)"]
[EventRounds "9"]
[EventCountry "MAR"]
[SourceTitle "EXT 2020"]
[Source "ChessBase"]
[SourceDate "2019.10.17"]
[SourceVersion "1"]
[SourceVersionDate "2019.10.17"]
[SourceQuality "1"]
[WhiteTeam "Algeria"]
[BlackTeam "Nigeria"]
[WhiteTeamCountry "ALG"]
[BlackTeamCountry "NGR"]

1. Nh3 d5 2. g3 Nf6 3. d4 c5 4. c3 Nc6 5. Bg2 cxd4 6. cxd4 Qb6 7. e3 Bf5 8. 0-0 e6 9. Nc3 Be7 10. Nf4 Rd8 11. h3 h6 12. Nd3 0-0 13. g4 Bg6 14. Nf4 Bh7 15. b3 Ne4 16. Na4 Qc7 17. Bb2 b5 18. Nc5 e5 19. Nxd5 Rxd5 20. Nxe4 Rfd8 21. Nc3 Rc5 22. dxc5 Rxd1 23. Rfxd1 Nb4 24. Nd5 Nxd5 25. Rxd5 f6 26. c6 Kf8 27. Rd7 Qc8 28. Rc1 a5 29. Ra7 e4 30. c7 Bd6 31. Ra8 1-0